[Event "World Junior Girls 2015"]
[Site "Khanty-Mansiysk RUS"]
[Date "2015.09.13"]
[Round "11.2"]
[White "Abdumalik, Zhansaya"]
[Black "Derakhshani, Dorsa"]
[Result "0-1"]
[WhiteTitle "WGM"]
[BlackTitle "WIM"]
[WhiteElo "2380"]
[BlackElo "2244"]
[WhiteFideId "13703544"]
[BlackFideId "12500330"]
[EventDate "2015.09.02"]

1. e4 e5 2. Nf3 Nc6 3. Bb5 f5 4. d3 fxe4 5. dxe4 Nf6 6. O-O Bc5 7. Qd3 Nd4 8.
Nxd4 Bxd4 9. c3 Bb6 10. Bc4 d6 11. a4 a5 12. Bg5 h6 13. Be3 Bxe3 14. Qxe3 Qe7
15. Qd3 Nh5 16. g3 Bh3 17. Re1 Rf8 18. Nd2 g5 19. b4 Qf6 20. Qe3 Qg6 21. Kh1 Nf6
22. f3 Bd7 23. Bb5 Qh5 24. Rf1 Qh3 25. Kg1 Nh5 26. Qe2 c6 27. Bc4 axb4 28. cxb4
Ke7 29. a5 Rf6 30. Rf2 g4 31. f4 Nxg3 32. hxg3 Qxg3+ 33. Rg2 Qc3 34. Re1 Rxf4
35. Qe3 Qxb4 36. Rb1 Qxa5 37. Rxb7 Qa1+ 38. Kh2 Qd4 39. Qg3 Raf8 40. Qh4+ R8f6
41. Be2 Kd8 42. Ba6 Rf2 43. Nf1 Rxg2+ 44. Kxg2 Qxe4+ 45. Kg1 Qd4+ 46. Kg2 Qf4
47. Rb2 Ke7 48. Rf2 Qxf2+ 49. Qxf2 Rxf2+ 50. Kxf2 d5 51. Kg3 Kf6 52. Nd2 Kg5 53.
Nb3 h5 54. Nc5 h4+ 55. Kg2 Bf5 56. Bb7 Be4+ 57. Kh2 g3+ 58. Kh3 Bf5+ 59. Kg2 Kg4
60. Bxc6 h3+ 61. Kg1 d4 62. Nb3 d3 63. Nd2 Kf4 64. Nc4 e4 65. Nb6 Be6 66. Na4 e3
67. Nb2 Bf5 0-1

[Event "World Junior Girls 2015"]
[Site "Khanty-Mansiysk RUS"]
[Date "2015.09.13"]
[Round "11.3"]
[White "Ziaziulkina, Nastassia"]
[Black "Bivol, Alina"]
[Result "1-0"]
[WhiteTitle "IM"]
[BlackTitle "WIM"]
[WhiteElo "2401"]
[BlackElo "2321"]
[WhiteFideId "13505211"]
[BlackFideId "4100123"]
[EventDate "2015.09.02"]

1. e4 e5 2. Nf3 Nc6 3. Bb5 a6 4. Ba4 Nge7 5. c3 g6 6. d4 exd4 7. cxd4 b5 8. Bc2
Bg7 9. O-O O-O 10. d5 Na5 11. Nbd2 d6 12. Rb1 c5 13. b3 c4 14. b4 Nb7 15. Re1 a5
16. a3 axb4 17. axb4 Ra2 18. h3 f5 19. Nf1 f4 20. Re2 Qb6 21. Bd2 h6 22. Qc1 g5
23. Bd1 Re8 24. Be3 fxe3 25. Rxa2 exf2+ 26. Rxf2 Ng6 27. Bc2 Nf4 28. Qe3 Nxd5
29. Qxb6 Nxb6 30. Ne3 Be6 31. Rd2 c3 32. Rdd1 Nc4 33. Nxc4 Bxc4 34. Ra1 Rb8 35.
Nd4 Nd8 36. Ra6 Bxd4+ 37. Rxd4 Nf7 38. Ra3 Kf8 39. Rxc3 Ra8 40. Rd1 Ke7 41. Bd3
Ne5 42. Bxc4 Nxc4 43. Rd5 Ra1+ 44. Kh2 Rb1 45. e5 dxe5 46. Rxb5 Nd2 47. Rc6 Nf1+
48. Kg1 Ng3+ 49. Kf2 Ne4+ 50. Ke3 Nd6 51. Rbb6 Rb3+ 52. Kd2 Ne4+ 53. Kc2 Rg3 54.
Rb7+ Kd8 55. Rxh6 1-0

[Event "World Junior Girls 2015"]
[Site "Khanty-Mansiysk RUS"]
[Date "2015.09.13"]
[Round "11.4"]
[White "Saduakassova, Dinara"]
[Black "Gaboyan, Susanna"]
[Result "1/2-1/2"]
[WhiteTitle "WGM"]
[WhiteElo "2409"]
[BlackElo "2107"]
[WhiteFideId "13700090"]
[BlackFideId "13303627"]
[EventDate "2015.09.02"]

1. d4 Nf6 2. c4 e6 3. Nf3 d5 4. Nc3 Bb4 5. cxd5 exd5 6. Bg5 h6 7. Bh4 O-O 8. e3
Bf5 9. Qb3 Nc6 10. Be2 g5 11. Bg3 Ne4 12. a3 Ba5 13. Rc1 h5 14. Qxb7 Bd7 15. b4
Rb8 16. Qa6 Rb6 17. Qd3 Nxb4 18. axb4 Bxb4 19. Nd2 Bxc3 20. Rxc3 Bb5 21. Qc2
Nxc3 22. Qxc3 Rc6 23. Qb2 Bxe2 24. Kxe2 h4 25. Qb5 Rb6 26. Qd3 hxg3 27. hxg3 f5
28. g4 Qd7 29. Rh5 Qb5 30. Rxg5+ Kh7 31. gxf5 Qxd3+ 32. Kxd3 a5 33. f6 c6 34.
Rg7+ Kh6 35. Ra7 Rxf6 36. f4 Rg6 37. Rxa5 Rxg2 38. Rc5 Kg6 39. Nf3 Rb3+ 40. Rc3
Rxc3+ 41. Kxc3 Re2 42. Kd3 Ra2 43. Nd2 Kf5 44. Ke2 Kg4 45. Ke1 Rc2 46. Ke2 Kf5
47. Kd3 Ra2 48. Ke2 Ke6 49. Kd3 Ra3+ 50. Ke2 Kd6 51. Nf3 Ra2+ 1/2-1/2

[Event "World Junior Girls 2015"]
[Site "Khanty-Mansiysk RUS"]
[Date "2015.09.13"]
[Round "11.5"]
[White "Ibrahimova, Sabina"]
[Black "Osmanodja, Filiz"]
[Result "0-1"]
[WhiteTitle "WIM"]
[BlackTitle "WIM"]
[WhiteElo "2215"]
[BlackElo "2309"]
[WhiteFideId "13403893"]
[BlackFideId "24633569"]
[EventDate "2015.09.02"]

1. e4 c5 2. Nf3 d6 3. d4 cxd4 4. Nxd4 Nf6 5. Nc3 Nc6 6. h3 g6 7. Be3 Bg7 8. Bc4
O-O 9. O-O Na5 10. Be2 a6 11. a4 Qc7 12. Qd3 Bd7 13. Bg5 e6 14. Rfd1 h6 15. Bh4
Rfd8 16. Qf3 g5 17. Bg3 Be8 18. Nb3 Nc6 19. Qe3 Nb4 20. Rd2 e5 21. Rad1 Rac8 22.
a5 Bf8 23. h4 g4 24. f3 Bd7 25. Bf2 Be6 26. Nd5 Bxd5 27. exd5 Nxc2 28. Qb6 g3
29. Bxg3 Qxb6+ 30. axb6 Ne3 31. Ra1 Nexd5 32. Na5 Nxb6 33. Nxb7 Rd7 34. Na5 Rdc7
35. Bf2 Nfd7 36. Nb3 Nc4 37. Bxc4 Rxc4 38. Rxa6 Rb8 39. Na5 Rc1+ 40. Kh2 Ra1 41.
Ra7 Rb5 42. Nc6 Rxa7 43. Nxa7 Rb8 44. Nc6 Rb5 45. Na7 Rb8 46. Nc6 Rb3 47. Na7
Nf6 48. Nc6 Nh5 49. Kg1 Nf4 50. Na5 Rb4 51. Be3 Ne6 52. Rc2 Kg7 53. Bf2 f5 54.
Nc6 Rb5 55. Na7 Rb3 56. Rd2 Nf4 57. Rc2 Rb7 58. Rd2 Kf6 59. Be3 Ng6 60. Nc8 Ke6
61. h5 Nf4 62. Nb6 Nxh5 63. Rc2 Nf6 64. Rc8 Be7 65. Rc6 f4 66. Bf2 Kf5 67. Nc8
d5 68. Nxe7+ Rxe7 69. Bh4 Re6 70. Rc7 Rb6 71. Kh2 d4 72. Rc2 Nd5 73. Bd8 Rb8 74.
Ba5 Ne3 75. Rc6 Rxb2 76. Bd8 Rxg2+ 0-1

[Event "World Junior Girls 2015"]
[Site "Khanty-Mansiysk RUS"]
[Date "2015.09.13"]
[Round "11.6"]
[White "Mammadzada, Gunay"]
[Black "Khomeriki, Nino"]
[Result "1/2-1/2"]
[WhiteTitle "WGM"]
[BlackTitle "WFM"]
[WhiteElo "2355"]
[BlackElo "2296"]
[WhiteFideId "13403729"]
[BlackFideId "13603191"]
[EventDate "2015.09.02"]

1. e4 e5 2. Nf3 Nc6 3. Bb5 a6 4. Ba4 Nf6 5. O-O Be7 6. Re1 b5 7. Bb3 d6 8. c3
O-O 9. d4 Bg4 10. Be3 exd4 11. cxd4 Na5 12. Bc2 c5 13. h3 Bh5 14. d5 Nc4 15. Bc1
Nd7 16. Nbd2 Bxf3 17. Nxf3 Bf6 18. Rb1 Qa5 19. b3 Na3 20. Bxa3 Qxa3 21. Qd2 Qb4
22. Qf4 Ne5 23. Nxe5 Bxe5 24. Qg4 Bd4 25. Re2 Rfe8 26. Kh1 g6 27. f4 Ra7 28. e5
dxe5 29. f5 e4 30. Rf1 Kg7 31. Qf4 Qc3 32. Bxe4 Be5 33. Qg4 Qd4 34. Ree1 c4 35.
Rd1 Qe3 36. fxg6 hxg6 37. d6 Qg3 38. Qxg3 Bxg3 39. Rd4 Bxd6 40. Bc6 Re6 41. Bd5
Rf6 42. Rxf6 Kxf6 43. bxc4 Rc7 44. g4 bxc4 45. Rxc4 Rxc4 46. Bxc4 a5 1/2-1/2

[Event "World Junior Girls 2015"]
[Site "Khanty-Mansiysk RUS"]
[Date "2015.09.13"]
[Round "11.7"]
[White "Fataliyeva, Ulviyya"]
[Black "Nguyen, Thi Thuy Trien"]
[Result "1-0"]
[WhiteTitle "WIM"]
[BlackTitle "WFM"]
[WhiteElo "2301"]
[BlackElo "1939"]
[WhiteFideId "13403052"]
[BlackFideId "12404179"]
[EventDate "2015.09.02"]

1. e4 d5 2. exd5 Nf6 3. Nc3 Nxd5 4. Bc4 Nxc3 5. Qf3 e6 6. Qxc3 Nc6 7. Nf3 Bd7 8.
O-O Qf6 9. d4 h6 10. Ne5 Nxe5 11. dxe5 Qh4 12. Be3 Bc6 13. f3 g6 14. a4 Bd7 15.
Rfd1 Qe7 16. Rd2 Bg7 17. b4 f6 18. Rad1 O-O-O 19. Bxa7 fxe5 20. Qb3 Rhe8 21. a5
Bf8 22. Bc5 Qh4 23. Bxf8 Rxf8 24. Rxd7 Rxd7 25. Bxe6 Rd8 26. Qd5 Qe7 27. a6 c6
28. Bxd7+ Kc7 29. Qa5+ b6 30. Qa1 Qxb4 31. Qxe5+ 1-0

[Event "World Junior Girls 2015"]
[Site "Khanty-Mansiysk RUS"]
[Date "2015.09.13"]
[Round "11.8"]
[White "Drogovoz, Irina"]
[Black "Bayarmaa, Bayarjargal"]
[Result "1-0"]
[BlackTitle "WFM"]
[WhiteElo "2253"]
[BlackElo "2265"]
[WhiteFideId "4176715"]
[BlackFideId "4900260"]
[EventDate "2015.09.02"]

1. Nf3 Nf6 2. d4 g6 3. c4 Bg7 4. Nc3 d6 5. h3 O-O 6. e4 e5 7. d5 a5 8. Bg5 Na6
9. Nd2 h6 10. Be3 Nd7 11. g4 Ndc5 12. a3 Bd7 13. b3 f5 14. gxf5 gxf5 15. Qc2 Qh4
16. O-O-O f4 17. Bxc5 Nxc5 18. Nf3 Qh5 19. Be2 a4 20. b4 Nb3+ 21. Kb1 Qe8 22.
Bd3 Qh5 23. Be2 Kh8 24. Na2 Qf7 25. Nc1 Nd4 26. Nxd4 exd4 27. Bg4 f3 28. Rhg1
Rae8 29. Nd3 c6 30. Bxd7 Qxd7 31. Rg4 cxd5 32. cxd5 Rc8 33. Qd2 Rf7 34. Rdg1 Qe7
35. Rg6 Qxe4 36. R6g4 Qe7 37. Nf4 Qe4+ 38. Ka1 d3+ 39. Kb1 Rc2 40. Qxd3 Rb2+ 41.
Kc1 Qxd3 42. Nxd3 Ra2 43. R1g3 Bf6 44. Nf4 Rxf2 45. Ne6 Rg2 46. Rxg2 fxg2 47.
Rxg2 Be5 48. Nd8 Rf3 49. Kb1 b5 50. Rg6 Kh7 51. Re6 Rxa3 52. Nf7 Bg7 53. Nxd6
Rb3+ 54. Kc2 Rb2+ 55. Kc1 Rxb4 56. Nf5 a3 57. Ra6 Bb2+ 58. Kc2 Rc4+ 59. Kb3 Rc3+
60. Ka2 Rxh3 61. d6 b4 62. Rb6 Bc3 63. d7 Rh2+ 64. Kb3 Rb2+ 65. Kc4 Rd2 66.
Rxh6+ Kg8 67. Nd6 Kg7 68. Re6 Rc2 69. Kb5 a2 70. d8=Q a1=Q 71. Qg5+ Kf8 72. Re8# 1-0

[Event "World Junior Girls 2015"]
[Site "Khanty-Mansiysk RUS"]
[Date "2015.09.13"]
[Round "11.10"]
[White "Aulia, Medina Warda"]
[Black "Sazonova, Anastasia"]
[Result "1-0"]
[WhiteTitle "WGM"]
[BlackTitle "WFM"]
[WhiteElo "2417"]
[BlackElo "2020"]
[WhiteFideId "7101570"]
[BlackFideId "24131008"]
[EventDate "2015.09.02"]

1. e4 c5 2. Nf3 d6 3. d4 cxd4 4. Nxd4 Nf6 5. Nc3 Nc6 6. Bg5 e6 7. Qd2 Be7 8.
O-O-O Nxd4 9. Qxd4 O-O 10. f4 h6 11. Bh4 a6 12. g4 Qc7 13. g5 hxg5 14. Bxg5 d5
15. exd5 Nxd5 16. Nxd5 exd5 17. Bxe7 Qxe7 18. Rg1 g6 19. Bd3 Re8 20. Qxd5 Be6
21. Qe5 Qh4 22. Bxg6 Bg4 23. Qd5 Rad8 24. Qxf7+ Kh8 25. Rxd8 Rxd8 26. Bf5 1-0

[Event "World Junior Girls 2015"]
[Site "Khanty-Mansiysk RUS"]
[Date "2015.09.13"]
[Round "11.11"]
[White "Rodriguez Rueda, Paula Andrea"]
[Black "Kusenkova, Natallia"]
[Result "1/2-1/2"]
[WhiteTitle "IM"]
[WhiteElo "2358"]
[BlackElo "2155"]
[WhiteFideId "4404564"]
[BlackFideId "13506501"]
[EventDate "2015.09.02"]

1. d4 Nf6 2. Nf3 g6 3. g3 c5 4. Bg2 Bg7 5. O-O O-O 6. c3 cxd4 7. Nxd4 d5 8. Na3
e5 9. Nb3 Nc6 10. Bg5 Ne7 11. Qd2 Be6 12. Rfd1 Qc7 13. Rac1 Rfd8 14. Qe3 a6 15.
Qc5 Qxc5 16. Nxc5 b6 17. Nxe6 fxe6 18. c4 h6 19. Bd2 Ra7 20. Bc3 d4 21. Bb4 e4
22. c5 bxc5 23. Bxc5 Rc7 24. Bxe7 Rxe7 25. Nc4 Rc7 26. Ne5 Rxc1 27. Rxc1 d3 28.
exd3 exd3 29. Rd1 d2 30. Nc4 Ng4 31. h3 Ne5 32. Rxd2 Rxd2 33. Nxd2 Nd3 34. Bf1
Nxb2 35. Bxa6 Kf7 36. Bb5 Ke7 37. a4 Kd6 38. h4 Kc5 39. Ne4+ Kb4 40. Kg2 Bd4 41.
g4 Nxa4 42. Bxa4 Kxa4 43. g5 h5 44. Ng3 Kb5 45. Ne2 Be5 46. Kf3 Kc5 47. Ke4 Bb8
48. f4 Kd6 49. Nd4 Kd7 50. Nf3 Bd6 51. Ne1 Bb8 52. Nd3 Bc7 53. Kd4 Bd6 54. Ke4
Bc7 55. Ke3 Bb6+ 56. Kd2 Bd4 57. Ne1 Kd6 58. Nf3 Bb2 59. Kc2 Ba1 60. Kd3 e5 61.
Ke4 exf4 62. Kxf4 Kd5 1/2-1/2

[Event "World Junior Girls 2015"]
[Site "Khanty-Mansiysk RUS"]
[Date "2015.09.13"]
[Round "11.12"]
[White "Amrayeva, Aytan"]
[Black "Michelle Catherina, P"]
[Result "1/2-1/2"]
[WhiteTitle "WCM"]
[BlackTitle "WIM"]
[WhiteElo "2145"]
[BlackElo "2259"]
[WhiteFideId "13405101"]
[BlackFideId "5005736"]
[EventDate "2015.09.02"]

1. d4 Nf6 2. Bg5 Ne4 3. h4 Nxg5 4. hxg5 c5 5. d5 e6 6. dxe6 dxe6 7. Qxd8+ Kxd8
8. Nc3 Kc7 9. O-O-O a6 10. e3 Nc6 11. Nf3 h6 12. Bd3 Bd7 13. gxh6 Rxh6 14. Rxh6
gxh6 15. Rh1 b5 16. Ne4 Nb4 17. Ne5 f5 18. Nf6 Bc6 19. Nxc6 Nxd3+ 20. cxd3 Kxc6
21. Rh3 Rd8 22. Kc2 c4 23. d4 f4 24. Ng4 Rd5 25. Ne5+ Kb6 26. Ng6 fxe3 27. Rxe3
Bd6 28. Kc3 Kc7 29. Rxe6 Rf5 30. f3 h5 31. Ne5 a5 32. a3 h4 33. a4 Bb4+ 34. Kc2
bxa4 35. Rc6+ Kb7 36. Rxc4 Rg5 37. Ng4 Rf5 38. Ne3 Rh5 39. Kd3 h3 40. gxh3 Rxh3
41. Ke4 a3 42. bxa3 Bxa3 43. f4 Ka6 44. f5 Kb5 45. Rc8 Be7 46. Nd5 Bd6 47. Nf6
a4 48. Kd5 Bf4 49. Ne4 Rh7 50. Ke6 Ra7 51. Nc3+ Ka5 52. Rc5+ Ka6 53. Nxa4 Kb7
54. Nc3 Ra6+ 55. Kd5 Rf6 56. Ke4 Bd6 57. Rb5+ Kc6 58. d5+ Kd7 59. Rb7+ Kc8 60.
Rh7 Kd8 61. Nb5 Bc5 62. Nd4 Bxd4 63. Kxd4 Rxf5 64. Kc5 Rf6 65. Rb7 Rh6 66. Rb4
Kd7 67. Rg4 Rf6 68. Rg7+ Kd8 69. Kd4 Rh6 70. Kc5 Rf6 71. Rb7 Rh6 1/2-1/2

[Event "World Junior Girls 2015"]
[Site "Khanty-Mansiysk RUS"]
[Date "2015.09.13"]
[Round "11.13"]
[White "Vasova, Maria"]
[Black "Wozniak, Mariola"]
[Result "1/2-1/2"]
[BlackTitle "WCM"]
[WhiteElo "2069"]
[BlackElo "2198"]
[WhiteFideId "2900955"]
[BlackFideId "1152050"]
[EventDate "2015.09.02"]

1. e4 c5 2. Nf3 d6 3. d4 cxd4 4. Nxd4 Nf6 5. Nc3 a6 6. Be2 e6 7. O-O Be7 8. a4
O-O 9. Be3 Nc6 10. f4 Bd7 11. Nb3 Rc8 12. a5 Qc7 13. Bf3 Nb4 14. g4 d5 15. e5
Ne4 16. Nxe4 dxe4 17. Bxe4 Bb5 18. Rf2 Rfd8 19. Qf3 Nd5 20. Bd4 Rd7 21. f5 Bg5
22. h4 Bxh4 23. Rh2 Qd8 24. Nc5 Rdc7 25. fxe6 Rxc5 26. Qxf7+ Kh8 27. Bxc5 Rxc5
28. Rxh4 Nf6 29. c3 Rxe5 30. Bxh7 Nxh7 31. Rh2 Rd5 32. Re1 Qd6 33. Qf2 Rg5 34.
Rh4 Qe7 35. Re3 Be8 36. Reh3 Bg6 37. Qd4 Kg8 38. Qc4 Rc5 39. Qd4 Rc6 40. Qd5 Rd6
41. Qc4 Rc6 42. Qd4 Rxe6 43. Qc4 Qf7 44. Qf1 Qe8 45. Qc4 Kh8 46. Rf3 Re1+ 47.
Kf2 Rb1 48. Qe2 Qxe2+ 49. Kxe2 Rxb2+ 50. Ke3 Kg8 51. g5 Rb5 52. Rb4 Re5+ 53. Kd4
Re4+ 54. Kc5 Nxg5 55. Rg3 Ne6+ 56. Kb6 Rxb4+ 57. cxb4 Be4 58. Re3 Ng5 59. Rg3
Nf3 60. Rg4 Bc6 61. Rf4 g5 62. Rg4 Kf7 63. Rg3 Kg6 64. b5 axb5 65. a6 bxa6 66.
Kxc6 Nd2 67. Kb6 b4 68. Rd3 Ne4 69. Rd4 Nf6 70. Kxa6 b3 1/2-1/2

[Event "World Junior Girls 2015"]
[Site "Khanty-Mansiysk RUS"]
[Date "2015.09.13"]
[Round "11.14"]
[White "Paredes Bustamante, Paula"]
[Black "Lingur, Zalina"]
[Result "0-1"]
[WhiteTitle "WFM"]
[BlackTitle "WFM"]
[WhiteElo "2156"]
[BlackElo "2128"]
[WhiteFideId "3804992"]
[BlackFideId "34165670"]
[EventDate "2015.09.02"]

1. e4 c5 2. Nf3 d6 3. d4 cxd4 4. Nxd4 Nf6 5. Nc3 a6 6. Be3 e5 7. Nb3 Be6 8. h3
Be7 9. Qf3 O-O 10. O-O-O b5 11. g4 b4 12. Nd5 Nxd5 13. exd5 Bc8 14. Bd3 a5 15.
Kb1 Ba6 16. Be4 Nd7 17. g5 a4 18. Nc1 f5 19. Bxf5 Bxg5 20. Qg4 Bxe3 21. fxe3 Nf6
22. Qxb4 Kh8 23. Qh4 Qc7 24. Qxa4 Bd3 25. Qc6 Qxc6 26. dxc6 Bxf5 27. Rxd6 Ne4
28. Rd5 Be6 29. c4 Bxd5 30. cxd5 Nd6 31. Nd3 e4 32. Nb4 Rf2 33. Rc1 Raf8 34. Rc3
g5 35. a4 h5 36. c7 g4 37. hxg4 hxg4 38. Rc6 R2f6 39. Rc2 g3 40. Rg2 Rg8 0-1

[Event "World Junior Girls 2015"]
[Site "Khanty-Mansiysk RUS"]
[Date "2015.09.13"]
[Round "11.15"]
[White "Pratyusha, Bodda"]
[Black "Assaubayeva, Bibissara"]
[Result "0-1"]
[WhiteTitle "WIM"]
[BlackTitle "WFM"]
[WhiteElo "2326"]
[BlackElo "2241"]
[WhiteFideId "5000629"]
[BlackFideId "13708694"]
[EventDate "2015.09.02"]

1. d4 Nf6 2. c4 e6 3. Nc3 c5 4. d5 exd5 5. cxd5 d6 6. e4 g6 7. f4 Bg7 8. Bb5+
Nfd7 9. Nf3 a6 10. Bd3 b5 11. O-O O-O 12. Re1 Re8 13. Qc2 c4 14. Bf1 Nc5 15. Bd2
Nbd7 16. Nd1 Nf6 17. Nf2 Nfxe4 18. Nxe4 Bf5 19. Nfg5 Nxe4 20. Nxe4 Qe7 21. Bc3
Bxe4 22. Qd2 Qa7+ 23. Kh1 Bxc3 24. bxc3 Qc5 25. Red1 Qc8 26. a4 Qf5 27. Kg1 Bc2
28. Rdc1 Bd3 29. Bxd3 cxd3 30. Rd1 Re2 31. Qxd3 Re1+ 32. Kf2 Qxd3 0-1

[Event "World Junior Girls 2015"]
[Site "Khanty-Mansiysk RUS"]
[Date "2015.09.13"]
[Round "11.16"]
[White "Terbe, Julianna"]
[Black "Thomas, Anysia"]
[Result "1-0"]
[WhiteTitle "WFM"]
[WhiteElo "2233"]
[BlackElo "2035"]
[WhiteFideId "708780"]
[BlackFideId "670472"]
[EventDate "2015.09.02"]

1. e4 c6 2. d4 g6 3. Nc3 d5 4. h3 Bg7 5. Nf3 Nf6 6. e5 Ne4 7. Nxe4 dxe4 8. Ng5
c5 9. Bc4 O-O 10. c3 cxd4 11. cxd4 Nc6 12. Be3 Qa5+ 13. Bd2 Qb6 14. Bc3 h6 15.
Nxe4 Rd8 16. O-O Nxd4 17. Qa4 Qc6 18. Qxc6 Nxc6 19. f4 Bf5 20. Rae1 h5 21. Ng5
e6 22. Ne4 Bxe4 23. Rxe4 Bf8 24. g4 Bc5+ 25. Kg2 Nd4 26. a4 Nc2 27. Rf3 Nd4 28.
Rd3 Nc2 29. gxh5 gxh5 30. Rg3+ Kh8 31. f5 Rg8 32. fxe6 Rxg3+ 33. Kxg3 Rg8+ 34.
Kf4 fxe6 35. Bxe6 Rf8+ 36. Kg5 Ne3 37. Kg6 Rf3 38. Kxh5 Nf1 39. Kg6 Be7 40. Bf7
Ng3 41. Rc4 1-0

[Event "World Junior Girls 2015"]
[Site "Khanty-Mansiysk RUS"]
[Date "2015.09.13"]
[Round "11.17"]
[White "Sviridova, Vlada"]
[Black "Saranya, J"]
[Result "0-1"]
[WhiteTitle "WFM"]
[BlackTitle "WFM"]
[WhiteElo "2125"]
[BlackElo "2144"]
[WhiteFideId "24109606"]
[BlackFideId "5031931"]
[EventDate "2015.09.02"]

1. d4 Nf6 2. c4 g6 3. Nc3 Bg7 4. e4 d6 5. Nf3 O-O 6. Be2 e5 7. O-O Nc6 8. d5 Ne7
9. Qc2 Ne8 10. Rd1 h6 11. b4 f5 12. Nd2 f4 13. c5 g5 14. Nc4 Ng6 15. Rd3 Qf6 16.
a4 Nh4 17. Nd1 g4 18. Bf1 h5 19. Ba3 Rf7 20. b5 Bf8 21. cxd6 cxd6 22. b6 a6 23.
Na5 Rg7 24. Rc3 Nf3+ 25. Kh1 Qh4 26. gxf3 gxf3 27. Rxf3 Qg4 28. Rg3 fxg3 29.
fxg3 h4 30. Qg2 hxg3 31. hxg3 Nf6 32. Nf2 Qg6 33. Bc1 Rh7+ 34. Kg1 Ng4 35. Nxg4
Bxg4 36. Ra3 Rc8 37. Nc4 Bh3 38. Qe2 Bxf1 39. Qxf1 Qh5 40. Rf3 0-1

[Event "World Junior Girls 2015"]
[Site "Khanty-Mansiysk RUS"]
[Date "2015.09.13"]
[Round "11.18"]
[White "Hoare, Amy B"]
[Black "Utiatskaja, Irina"]
[Result "0-1"]
[BlackTitle "WFM"]
[WhiteElo "2088"]
[BlackElo "2201"]
[WhiteFideId "418366"]
[BlackFideId "24140848"]
[EventDate "2015.09.02"]

1. e4 c5 2. c3 Nf6 3. e5 Nd5 4. Nf3 Nc6 5. d4 cxd4 6. cxd4 d6 7. Bc4 Nb6 8. Bb5
Bd7 9. Nc3 dxe5 10. dxe5 g6 11. O-O Bg7 12. Qe2 O-O 13. Bf4 a6 14. Bd3 Bg4 15.
Qe3 Bxf3 16. gxf3 Nxe5 17. Rfd1 Nd5 18. Nxd5 Qxd5 19. Be4 Qe6 20. Bxb7 Rab8 21.
Bd5 Qf5 22. Be4 Qh3 23. Bd5 Qh5 24. Re1 Rb5 25. Rad1 Rxd5 26. Kg2 Rxd1 27. Rxd1
Nc6 28. Qb6 Qb5 29. Qc7 e5 30. Bg5 h6 31. Bh4 g5 32. Bg3 Nd4 0-1

[Event "World Junior Girls 2015"]
[Site "Khanty-Mansiysk RUS"]
[Date "2015.09.13"]
[Round "11.19"]
[White "Garifullina, Leya"]
[Black "Ivanova, Karina"]
[Result "0-1"]
[BlackTitle "WFM"]
[WhiteElo "1776"]
[BlackElo "2177"]
[WhiteFideId "34127035"]
[BlackFideId "24139750"]
[EventDate "2015.09.02"]

1. e4 c6 2. d4 d5 3. e5 Bf5 4. h4 h6 5. g4 Bd7 6. h5 e6 7. f4 c5 8. c3 Qb6 9.
Nf3 Nc6 10. Rh2 cxd4 11. cxd4 Bb4+ 12. Kf2 Na5 13. Kg3 Ne7 14. Bd3 Nec6 15. Be3
Nc4 16. Bg1 N6a5 17. b3 Na3 18. Nxa3 Bxa3 19. Qe2 O-O-O 20. Be3 Kb8 21. Rb1 Bb4
22. Ne1 Rc8 23. Nc2 Be7 24. Bd2 Nc6 25. Qe3 Nb4 26. Bxb4 Bxb4 27. a3 Be7 28. Qd2
Bb5 29. Bxb5 Qxb5 30. a4 Qc6 31. Ne3 Qc3 32. Kf3 Qxd2 33. Rxd2 Rc3 34. Ke2 Rhc8
35. Rbb2 Ba3 36. Rb1 Bb4 37. Rdd1 Ba5 38. Kf2 R8c6 39. Ke2 Bb6 40. Kf2 a6 41.
Ke2 Ba7 42. Rd3 Rc1 43. Rxc1 Rxc1 44. Nd1 Rc2+ 45. Ke3 Rg2 46. Nf2 Kc7 47. Ke2
Rg1 48. Kf3 Kd7 49. Nd1 g6 50. hxg6 fxg6 51. Nc3 h5 52. gxh5 gxh5 53. Ne2 Rb1
54. Rc3 Rd1 55. Ke3 h4 56. Kf3 h3 57. Kg3 h2 58. Kxh2 Rd2 59. Kg3 Rxe2 60. Kf3
Re4 0-1

[Event "World Junior Girls 2015"]
[Site "Khanty-Mansiysk RUS"]
[Date "2015.09.13"]
[Round "11.20"]
[White "Monnisha, G K"]
[Black "Milosevic, Jovana"]
[Result "1-0"]
[WhiteTitle "WFM"]
[BlackTitle "WFM"]
[WhiteElo "2004"]
[BlackElo "2117"]
[WhiteFideId "5009936"]
[BlackFideId "900427"]
[EventDate "2015.09.02"]

1. e4 d6 2. d4 Nf6 3. Nc3 e5 4. Nf3 Nbd7 5. Bc4 Be7 6. O-O Nb6 7. Be2 exd4 8.
Nxd4 O-O 9. Be3 d5 10. e5 Ne4 11. Nxe4 dxe4 12. Nb3 Nd5 13. Qd4 Nxe3 14. Qxe3
Qd5 15. Qf4 f6 16. Nd2 Qxe5 17. Qxe5 fxe5 18. Nxe4 Be6 19. b3 Rad8 20. Rad1 Rd4
21. Rxd4 exd4 22. Bd3 Bd5 23. f3 Bb4 24. Rd1 c5 25. a3 Bxa3 26. Ra1 Bb4 27. Rxa7
h6 28. Nd6 Rd8 29. Nf5 Kf7 30. Kf2 Kf6 31. Ng3 g5 32. Be4 b6 33. Bd3 Rh8 34. Be4
Bxe4 35. Nxe4+ Kg6 36. Rb7 Ba5 37. Ke2 h5 38. Kd3 g4 39. f4 Re8 40. f5+ Kh6 41.
f6 Rf8 42. Kc4 Kg6 43. Kd5 Kf5 44. f7 Rd8+ 45. Nd6+ Kf6 46. Rd7 Rf8 47. Ne4+ Kf5
48. Re7 Kg6 49. Nd6 Bd2 50. Re8 Kg7 51. Ke6 1-0

[Event "World Junior Girls 2015"]
[Site "Khanty-Mansiysk RUS"]
[Date "2015.09.13"]
[Round "11.21"]
[White "Drogovoz, Maria"]
[Black "Bengtsson, Jessica"]
[Result "1/2-1/2"]
[WhiteTitle "WFM"]
[WhiteElo "1924"]
[BlackElo "2056"]
[WhiteFideId "4176731"]
[BlackFideId "1711083"]
[EventDate "2015.09.02"]

1. e4 c5 2. Nf3 Nc6 3. Bb5 e6 4. Bxc6 bxc6 5. O-O Ne7 6. b3 Ng6 7. Bb2 f6 8. d4
cxd4 9. Nxd4 Qc7 10. c4 Bd6 11. g3 h5 12. Nc3 Ba6 13. Rc1 h4 14. Nce2 hxg3 15.
hxg3 Kf7 16. Qd2 Rh5 17. Kg2 Rah8 18. Rh1 Bb7 19. Rxh5 Rxh5 20. Rh1 Rxh1 21.
Kxh1 a6 22. Nc3 Qb8 23. Nde2 c5 24. f3 Bc6 25. Kg2 Be5 26. Nd1 Bxb2 1/2-1/2

[Event "World Junior Girls 2015"]
[Site "Khanty-Mansiysk RUS"]
[Date "2015.09.13"]
[Round "11.22"]
[White "Barbier, Astrid"]
[Black "Badamkhand, Norovsambuu"]
[Result "1/2-1/2"]
[WhiteElo "1835"]
[BlackElo "2001"]
[WhiteFideId "200395"]
[BlackFideId "4901681"]
[EventDate "2015.09.02"]

1. e4 c6 2. d4 d5 3. exd5 cxd5 4. Bd3 Nf6 5. c3 Nc6 6. Bf4 Bg4 7. Qb3 Qd7 8. Nd2
e6 9. h3 Bh5 10. Ngf3 a6 11. Ne5 Qc8 12. Ndf3 Bxf3 13. Nxf3 Be7 14. Qc2 b5 15.
O-O O-O 16. Ne5 Qb7 17. Bg5 h6 18. Be3 Rfc8 19. Qe2 Nxe5 20. dxe5 Nd7 21. f4 Bc5
22. Kh2 Bxe3 23. Qxe3 Qc7 24. Rac1 Qc5 25. Qd2 Rc7 26. Rce1 Re8 27. Rf3 Nb6 28.
Rg3 Kf8 29. Qe2 Qe7 30. Qg4 f5 31. exf6 Qxf6 32. Rge3 Rc6 33. Qg3 Nd7 34. Qg4 1/2-1/2